समजेपर्यंत जादू वाटणारे वैदिक गणित भाग-२: भागाकार आणि अपूर्णांक (Record no. 1084271)

MARC details
000 -LEADER
fixed length control field 01028nam a2200205Ia 4500
008 - FIXED-LENGTH DATA ELEMENTS--GENERAL INFORMATION
fixed length control field 151119s9999||||xx |||||||||||||| ||und||
082 ## - DEWEY DECIMAL CLASSIFICATION NUMBER
Classification number 510 बापट/समजे
082 ## - DEWEY DECIMAL CLASSIFICATION NUMBER
Item number GKKV31959
100 ## - MAIN ENTRY--PERSONAL NAME
Personal name बापट ब गं
245 ## - TITLE STATEMENT
Title समजेपर्यंत जादू वाटणारे वैदिक गणित भाग-२: भागाकार आणि अपूर्णांक
260 ## - PUBLICATION, DISTRIBUTION, ETC. (IMPRINT)
Place of publication, distribution, etc पुणे
260 ## - PUBLICATION, DISTRIBUTION, ETC. (IMPRINT)
Name of publisher, distributor, etc उज्ज्वल ग्रंथ भांडार
260 ## - PUBLICATION, DISTRIBUTION, ETC. (IMPRINT)
Date of publication, distribution, etc 1905
300 ## - PHYSICAL DESCRIPTION
Extent 79pp.
600 ## - SUBJECT ADDED ENTRY--PERSONAL NAME
Personal name बापट ब गं
630 ## - SUBJECT ADDED ENTRY--UNIFORM TITLE
Uniform title समजेपर्यंत जादू वाटणारे वैदिक गणित भाग-२: भागाकार आणि अपूर्णांक
700 ## - ADDED ENTRY--PERSONAL NAME
Personal name बापट ब गं
730 ## - ADDED ENTRY--UNIFORM TITLE
Uniform title समजेपर्यंत जादू वाटणारे वैदिक गणित भाग-२: भागाकार आणि अपूर्णांक
942 ## - ADDED ENTRY ELEMENTS (KOHA)
Koha item type Book
Holdings
Withdrawn status Lost status Damaged status Not for loan Home library Current library Date acquired Cost, normal purchase price Total Checkouts Full call number Barcode Date last seen Cost, replacement price Price effective from Koha item type
        G.K. Khandekar Vachanalaya, Mulund G.K. Khandekar Vachanalaya, Mulund 04/23/2014 0.00   GKKV31959 GKKV31959 11/19/2015 0.00 11/19/2015 Book